| 000 | 00981pam a2200289 a 4500 | ||
|---|---|---|---|
| 001 | 3850 | ||
| 005 | 20240516161742.0 | ||
| 020 | _a0516238566 | ||
| 040 |
_aDLC _cDLC _dDLC _beng |
||
| 050 | 0 | 0 |
_aPZ7.J63416 _b1999 |
| 082 | 0 | 0 | _a160 |
| 100 | 1 |
_aJohnson, Mildred D _q(Mildred Dawes) |
|
| 245 | 1 | 0 |
_aWait, skates! / _cby Mildred Johnson ; illustrated by Rick Stromoski. |
| 250 | _aFirst Scholastic prinitng , April 2002 | ||
| 260 |
_aNew York : _bScholastic ; _c1999 |
||
| 300 |
_a31 pages : _bcolor illustrations ; _c18 cm. |
||
| 490 | _aRoukie Readers | ||
| 505 | _aD | ||
| 520 | _aA child putting on in-line roller skates for the first time must make them wait until they are ready to go straight. | ||
| 521 |
_a180
_bLexile |
||
| 521 |
_aD
_bRaz-Plus |
||
| 650 | 1 |
_aIn-line skating _xFiction. |
|
| 650 | 1 |
_aRoller skating _xFiction. |
|
| 700 | 1 |
_aStromoski, Rick _eillustrator |
|
| 906 |
_a7 _bcbc _corignew _d1 _eocip _f19 _gy-gencatlg |
||
| 942 |
_2ddc _cBK _n0 |
||
| 999 |
_c3850 _d3850 |
||